000 01043nam2a22002531 4500
001 rc\1008446
005 20041129102124.5
035 _a(NLR Aleph) 006247292
090 _a6720318
_c6720318
100 _a20041129d1981 u |0rusy50 ca
101 0 _arus
102 _aRU
105 _ay |||||||||
200 0 _a1981
_f[Сост. G. S̅tāle]
210 _d1981
215 _a239 с.
461 0 _1001rc\1008445
_12001#$aИностранные периодические издания в библиотеках Латвийской ССР$eСвод. библиогр. указ.$fАН Латв. ССР, Фунд. б-ка$v1981
_96720311
_cРига
_d1981
_fАН Латв. ССР, Фунд. б-ка
_nБ. и.
_oСвод. библиогр. указ.
_tИностранные периодические издания в библиотеках Латвийской ССР
_v1981
702 1 _aШтале
_bГ. Л.
_4220
801 0 _aRU
_bNLR
_gpsbo
801 1 _aRU
_bELAR
_2rusmarc
852 _aNLR
_bОНЛ
942 _cBOOK
980 _aNB